000 02105nam0a2200361 i 4500
001 RU\NLR\BIBL_A\010979827
005 20260407092237.0
010 _a9785756506679
_9100
021 _aRU
_b2016-3332
_9201
035 _a(NILC)RuMoRGB-008122456
035 _a(NLR Aleph) 010979827
090 _a10865679
_c10865679
100 _a20160211d2015 u y0rusy50 ca
101 0 _arus
102 _aRU
105 _aa|||z|||000yy
200 1 _aОрганизация профилактической работы с обучающимися и воспитанниками: системно-деятельностный подход
_eметодическое пособие
_fГос. бюджет. образоват. учреждение доп. проф. образования "Нижегор. ин-т развития образования"
_g[О.С. Гладышева, д.б.н., проф. и др.]
210 _aНижний Новгород
_cНижегородский институт развития образования
_d2015
215 _a160, [2] с.
_cил.
_d20
225 1 _aРеализуем программу воспитания и социализации
320 _aБиблиогр.: с. 114-116 (21 назв.)
606 1 _aУчащиеся
_jМетодические пособия
_xАддиктивное поведение
_xПрофилактика
_xРоль образовательных учреждений
_92169560
_3RU\NLR\AUTH\6601541793
610 0 _aантинаркотическая и антиалкогольная пропаганда среди обучающихся и воспитанников
675 _a371
686 1 _aЧ313.54я8
702 1 _aГладышева
_bО. С.
_gОльга Семеновна
_4220
712 0 2 _4570
_aНижегородский институт развития образования
_9310242
_3RU\NLR\AUTH\8818507
801 0 _aRU
_bРГБ
_c20160122
_gRCR
801 2 _aRU
_bРГБ
_c20160128
_grcr
942 _cBOOK
980 _aNBR